La pédagogie du français langue étrangère: orientations théoriques practiques dans la classe

Kaydedildi:
Detaylı Bibliyografya
Yazar: Ali Bouacha, Abdelmadjid (Yazar)
Materyal Türü: Kitap
Dil:Fransızca
Baskı/Yayın Bilgisi: París Hachette 1978
Konular:
Etiketler: Etiketle
Etiket eklenmemiş, İlk siz ekleyin!

MARC

LEADER 00000nam a2200000 a 4500
001 UCQ7918
003 CL-VaPUC
008 981121e19780000FR |||||||||||||||||fre|d
082 0 4 |a 372.6541  |b ALI  |2 21 
100 0 |a Ali Bouacha, Abdelmadjid  |e author  |9 421727 
245 1 3 |a La pédagogie du français langue étrangère: orientations théoriques practiques dans la classe 
300 |a 271 p 
942 |c BK 
945 |d 19981121 00:00:00  |a crobeson 
260 |a París  |b Hachette  |c 1978 
650 7 |a FRANCES  |2 CL-VaPUC  |9 259059 
650 0 |a Enseñanza de idiomas  |9 339820 
650 0 |a Educación lingüística  |9 306506 
583 |a last modification  |c 19981121 00:00:00  |k Rodrigo Vera 
999 |c 277293  |d 277291 
952 |0 0  |1 0  |4 0  |6 372_654100000000000_ALI_1978  |7 0  |8 A  |9 315178  |a FDOPOS  |b FDOPOS  |d 2019-11-20  |i 1493876  |o 372.6541 ALI 1978  |p 1493876  |r 2025-01-22  |w 2019-11-20  |y BK  |k MLA